| 000 | 00509nam a2200193 4500 | ||
|---|---|---|---|
| 003 | LK-CoMWRAF | ||
| 005 | 20231113162527.0 | ||
| 008 | 231109b1999 |||||||| |||| 00| 0 eng d | ||
| 020 | _a1565491017 | ||
| 040 |
_aLK-CoMWRAF _dLK-CoMWRAF _eLK-CoMWRAF |
||
| 041 | _aeng | ||
| 082 |
_a301 _bCIV |
||
| 245 | _aCivil society at the millennium | ||
| 260 |
_aWest Hartford: _bKumarian Press, _c1999 |
||
| 300 | _axi, 211 p. ; 23 cm. | ||
| 650 | _aCIVIL SOCIETY | ||
| 700 | _aAkuhata-Brown, Marcus | ||
| 942 | _cBK | ||
| 999 |
_c4063 _d4063 |
||